Statistics for Harry Potter first names

Click here to take the quiz!

General Stats

  • This quiz has been taken 5,290 times
    (5,285 since last reset)
  • The average score is 9 of 15

Answer Stats

HintAnswer% Correct
BellKatie
92%
BagshotBathilda
88%
ThomasDean
87%
KarkaroffIgor
86%
FilchArgus
82%
JordanLee
75%
ZabiniBlaise
69%
FletcherMundungus
59%
DiggleDedalus
53%
DogeElphias
52%
JorkinsBertha
49%
CresswellDirk
39%
RuncornAlbert
32%
RookwoodAugustus
31%
WarbeckCelestina
30%

Score Distribution

Percentile by Number Answered

Percent of People with Each Score

Your Score History

You have not taken this quiz since the last reset